|
|
|
|
| LEADER |
00000cam a2200000 7i4500 |
| 001 |
0000278683 |
| 005 |
20200918163358.0 |
| 020 |
|
|
|a 9789670694870
|
| 090 |
0 |
0 |
|a 614.56
|b FAK
|
| 100 |
0 |
|
|a Fakrul Nizam
|
| 245 |
1 |
0 |
|a Penyakit bawaan kutu dan anjing
|c Fakrul Nizam
|
| 260 |
|
|
|a Selangor :
|b Penerbitan Alam Ilmu ,
|c 2020
|
| 300 |
|
|
|a 48p. :
|b photo,col. ;
|c 26cm.
|
| 490 |
0 |
|
|a Siri haiwan pembawa gejala dan penyakit
|
| 650 |
|
0 |
|a Animals as carriers of disease
|
| 650 |
|
0 |
|a Dogs as carriers of disease
|
| 650 |
|
0 |
|a Lice as carriers of disease
|
| 650 |
|
0 |
|a Zoonoses
|
| 999 |
|
|
|a 00384667
|b BUKU
|c JUNIOR BOOKS
|e PERPUSTAKAAN KOMUNITI PETALING JAYA
|